Największe miasta w śląskim wg litery - Statystyki

Ogólne statystyki
  • Ten quiz został rozwiązany 263 razy
  • Średni wynik to 13 z 20
Statystyki odpowiedzi
Litera Liczba mieszkańców Miasto % Poprawnych
K 303.314 Katowice
98%
G 184.993 Gliwice
93%
C 231.527 Częstochowa
91%
Z 177.815 Zabrze
90%
T 128.698 Tychy
82%
B 173.462 Bielsko-Biała
81%
D 123.774 Dąbrowa Górnicza
81%
S 210.249 Sosnowiec
81%
Ż 62.015 Żory
79%
R 138.098 Rybnik
76%
J 93.556 Jaworzno
75%
M 75.028 Mysłowice
67%
Ś 51.722 Świętochłowice
60%
P 56.978 Piekary Śląskie
53%
W 48.688 Wodzisław Śląski
50%
U 16.005 Ustroń
40%
L 24.244 Lubliniec
39%
I 8.680 Imielin
37%
Ł 22.487 Łaziska Górne
36%
O 20.111 Orzesze
27%
Nie znaleziono quizów pasujących do podanych kryteriów
Rozkład punktacji
Procent ludzi z każdym wynikiem
Percentyl według liczby udzielonych odpowiedzi
Twoja historia wyników
Nie rozwiązałeś tego quizu